000 00209 a2200097 4500
001 960
100 _aLibby,C.C.
245 _aMotor selection and application
260 _a
_bMcgraw-Hill
_c
090 _c550
_d550
942 _aNUST-CAE
_cM
_c31934
999 _c236033
_d236033